000
00278nam a2200109Ia 4500
008
220204s9999 xx 000 0 und d
082
_a
54-128.4
_b
JUN
245
0
_a
Cationic surfactants. V 4
260
_a
New York
_b
Marcel Dekker
_c
1970
700
_a
Jungermann, Eric
942
_c
BK
999
_c
25134
_d
25134